Un hombre de Dios y de los pequeños: Juan Enrique Walker Concha ss.cc

Gardado en:
Detalles Bibliográficos
Autor Principal: Pérez Walker, María del Carmen (autora)
Formato: Libro
Idioma:Lingua castelá
Publicado: Santiago Congregación de los Sagrados Corazones 2005
Edición:1a. ed
Subjects:
Tags: Engadir etiqueta
Sen Etiquetas, Sexa o primeiro en etiquetar este rexistro!

MARC

LEADER 00000cam a2200000 a 4500
001 UCE2395
003 CL-VaPUC
005 20241108105204.0
008 140703e20050500cl |||||||||||||||||spa|d
999 |c 355997  |d 355995 
020 |a 9568048030 
040 |c Pontificia Universidad Católica de Valparaíso 
082 0 4 |a 922.21  |b PER  |2 21 
100 |a Pérez Walker, María del Carmen  |e autora  |9 745045 
245 1 3 |a Un hombre de Dios y de los pequeños: Juan Enrique Walker Concha ss.cc 
250 |a 1a. ed 
260 |a Santiago  |b Congregación de los Sagrados Corazones  |c 2005 
300 |a 80 p 
583 |a last modification  |c 20140703 14:09:00  |k Rodrigo Vera 
600 |a Walker Concha, Juan Enrique   |d 1922-1978  |9 893399 
650 1 |a Biografías de religiosos  |9 582587 
942 |c BK  |2 ddc 
945 |d 20140703 14:09:00  |a dcastane